000 00648cam a2200217 4500
001 j103629
008 000000n1999 000 0 eng u
035 _a(Sirsi) u103629
110 _aRichard Ellis St. Quintin
_93738
245 _aCentral London offices index. - Winter 1999
260 _aLondon
_bRichard Ellis St. Quintin
_c1999
300 _a11p. ; 30cm.
650 _aWEST END OF LONDON
650 _aCITY OF LONDON
650 _aPROPERTY INVESTMENT
650 _aRENTAL GROWTH
650 _aCAPITAL GROWTH
650 _aOFFICES
690 _aPROPERTY-COMMERCIAL PROPERTY-COMMERCIAL PROPERTY FINANCE AND INVESTMENT
942 _n0
999 _c100145
_d100145